| 000 | 00794nam a22002657a 4500 | ||
|---|---|---|---|
| 003 | 0 | ||
| 005 | 20180810113712.0 | ||
| 008 | 0 | ||
| 010 | _aB-091548 | ||
| 020 |
_c650.00 _a8121510678 |
||
| 035 | _aB-091548, B-091549, B-091552 | ||
| 037 | _bCen Lib/Ret | ||
| 040 |
_aDPL _bEN _c0 |
||
| 082 |
_a250 _bBAR |
||
| 100 |
_aBarua,Dipak Kumar _914860 |
||
| 245 |
_aAn analytical study of four Nikayas / _cby Dipak Kumar Barua |
||
| 250 | _a2nd ed | ||
| 260 |
_aNew Delhi _bMunshi Manoharlal Publishers _c2003 |
||
| 270 |
_a54,Rani Jhansi Road _bNew Delhi _e110055 |
||
| 300 |
_axvii, 626p. _c21cm(Hb) |
||
| 500 | _aIncludes bibliographical reference and index | ||
| 650 |
_aBuddhist _914861 |
||
| 650 |
_aTipiá¹aka.--Suttapiá¹aka _914862 |
||
| 942 |
_2ddc _cEN _h250 _mBAR |
||
| 999 |
_c125589 _d125589 |
||